01541cam a2200385 a 45000010005000000030006000050050017000110080041000280100017000690200018000860200018001040200015001220200015001370400023001520500016001750820008001911000021001992450112002202600041003323000060003735000097004335040094005305050007006245200185006315210027008165210018008436000049008616000047009106000040009576000038009976500032010356500025010676500024010927000039011166160FISKH20250321092536.0090213s2010 nyua b 000 1 eng  a 2009004752 a9780545125086 a9780545341271 a0545125081 a054512509X aDLCcDLCdDLCbeng aPZ7.K4575 E a9211 aKerley, Barbara.14aThe extraordinary Mark Twain (according to Susy) /cby Barbara Kerley ; iIllustrated by Edwin Fotheringham. aNew York :bScholastic Press,c2010. a64 unnumbered pages : bcolor illustrations ; c28 cm  aExcerpts from Susy's actual diary appear inside separate mini-book inserted throughout book. aIncludes bibliographical references and index (pp. 42-45 , p. 45 attached to back cover). aO  aThirteen-year-old Susy Clemens wants the world to know that her papa, Mark Twain, is more than just a humorist and sets out to write a comprehensive biography of the American icon.8 a600 bLexile estimate 8 aO bRaz-Plus 10aClemens, Susy,d1872-1896vJuvenile fiction.10aTwain, Mark,d1835-1910vJuvenile fiction.11aClemens, Susy,d1872-1896vFiction.11aTwain, Mark,d1835-1910vFiction. 1aAuthors, AmericanvFiction. 1aAuthorshipvFiction. 1aBiographyvFiction.1 aFotheringham, Edwin,eillustrator